• 首页
  • 本馆介绍
  • 公告通知
  • 最新文献
  • 馆藏检索
  • 电子资源
  • 读者导购
  • 参考咨询
  • 我的图书馆
  • 登录
  • 详细信息显示
  • 放入我的书架
  • 预约/预借图书
  • 作者相关作品
  • 分类相关作品
  • 丛书相关作品
  • 出版社相关作品

书目信息

  • 表格格式
  • 工作单格式
  • 卡片格式
题名:
数字美学
    
 
作者: 库比特 著 ;王玉括 , 赵文书 译
分册:  
出版信息: 北京   商务印书馆  2007
页数: 286页
开本: 21cm
丛书名: 新世纪美学译丛
单 册:
中图分类: I01 , B832.1
科图分类:
主题词: 计算机网络--应用--艺术美学 , 文艺美学 , 计算机网络 , 美学-关系-社会生产
电子资源:
ISBN: 7-100-05174-6
000 01252oam2 2200361 450
001 1232864546
005 20120928090944.54
010    @a7-100-05174-6@dCNY16.00
100    @a20070327d2007 em y0chiy50 ea
101 1  @achi@ceng
102    @aCN@b110000
105    @aa z 000yy
106    @ar
200 1  @a数字美学@f(新西兰)肖恩·库比特(Sean Cubit)著@g赵文书,王玉括译@Ashu zi mei xue
210    @a北京@c商务印书馆@d2007
215    @a286页@c照片@d21cm
225 2  @a新世纪美学译丛
304    @a书名原文:Digital aesthetics
305    @a据SAGE Publications 1998年英文版译出
330    @a本书研究当代电脑文化的美学特质和美学目的。作者冷静分析了网络乌托邦幻想家们提出的种种主张,细心梳理了新兴网络媒体的全球化过程,深入探讨了网络媒体对主体性和社会性的影响。
461  0 @1001002216769
510 1  @aDigital aesthetics@zeng
606 0  @a计算机网络@x应用@x艺术美学
606 0  @a文艺美学
606 0  @a计算机网络
606 0  @a美学-关系-社会生产
690    @aI01@v4
690    @aB832.1@v4
701  0 @c(新西兰)@a库比特@c(Cubit, Sean)@4著@Aku bi te
702  0 @a王玉括@f(1965.1~)@4译@Awang yu kuo
702  0 @a赵文书@4译@Azhao wen shu
801  0 @aCN@b110019@c20070523
905    @a10447@dB832.1@eJY62
    
    数字美学/(新西兰)肖恩·库比特(Sean Cubit)著/赵文书,王玉括译.-北京:商务印书馆,2007
    286页:照片;21cm .-(新世纪美学译丛 )
    
    
    ISBN 7-100-05174-6:CNY16.00
    本书研究当代电脑文化的美学特质和美学目的。作者冷静分析了网络乌托邦幻想家们提出的种种主张,细心梳理了新兴网络媒体的全球化过程,深入探讨了网络媒体对主体性和社会性的影响。
●
相关链接 在E读中查询图书 在五车中查询图书 在当当中查询图书 在豆瓣中查询图书


正题名:数字美学     索取号:B832.1/JY62         预约/预借

序号 登录号 条形码 馆藏地/架位号 状态 备注
1 7830064   278300642   学院路分馆/ [索取号:B832.1/JY62] 在馆    
2 7830065   278300651   学院路分馆/ [索取号:B832.1/JY62] 在馆    
唐山师范学院图书馆 欢迎您!
大连网信软件有限公司© 版权所有